Dudince reumatologický ústav

Zobrazenie: pohľad na liečebný dom Hont zľava

Bibliographic Details
Format: Photo
Language:Slovak
Published: Banská Bystrica Služba d. i. Fotoreportáž [medzi 1966 a 1973?]
Subjects:

MARC

LEADER 00000nkm a2200000 a 4500
001 vtls011586211
003 SK-MaSNL
005 20260302052337.0
007 kf bo
008 231214q1966 xo g 00 kuslo
015 |a SNBG 
035 |a urn:nbn:sk:snk-km00copv 
035 |a urn:nbn:sk:snk-km3lq35 
035 |a 0802D799-F496-4F5F-9AD1-B4A797D2255C 
040 |a SNK  |b slo  |c SNK  |e AACR2 
041 0 |a slo 
043 |a e-xo--- 
044 |a xo  |c SK 
080 |a 913(437.6)  |2 2011 
080 |a 711.455:615.838  |2 2011 
080 |a 614.2:[725.1:614.21]  |2 2011 
080 |a (084.121)  |2 2001 
245 0 0 |a Dudince  |h grafika  |b reumatologický ústav 
260 |a Banská Bystrica  |b Služba d. i. Fotoreportáž  |c [medzi 1966 a 1973?] 
300 |a 1 pohľadnica  |b čiernobiela  |c 9 x 14 cm 
520 8 |a Zobrazenie: pohľad na liečebný dom Hont zľava 
610 2 7 |a Liečebný dom Hont (Dudince, Slovensko)  |2 SNKKA  |9 344095 
650 0 7 |a liečebne  |2 SNKPH  |9 56920 
650 0 7 |a kúpele  |2 SNKPH  |9 1139 
651 7 |a Dudince (Slovensko)  |2 SNKPH  |9 28951 
655 7 |a miestne pohľadnice  |2 SNKPH  |9 70510 
852 |a Slovenská národná knižnica 
958 |a GC 
958 |a OND 
958 |a GBN 
999 |c 1104821  |d 1106751 
952 |a SNK  |b SNK  |y PREZ  |7 0  |p 17A1214475  |o snkSP 6558  |0 0  |1 0  |4 0  |d 2016-10-13  |f 1  |l 0  |r 2026-02-24 17:42:31  |w 2026-02-24